Sengo Nihon shihon shugi to nōgyō kiki no kōzō /

Saved in:
நூற்பட்டியல் விவரங்கள்
தலைமை எழுத்தாளர்: Hoshi, Makoto, 1930-
வடிவம்: புத்தகம்
மொழி:Japanese
வெளியீடப்பட்டது: Tōkyō : Ochanomizu Shobō, 1975.
பகுதிகள்:
குறியீடுகள்: குறிச்சொல் இணை
குறியீடுகள் இல்லை, இந்த குறிச்சொல்லை முதலில் பதிவு செய்யுங்கள்!
LEADER 00981nam a2200289 a 4500
001 007770954-3
005 20024617115958.0
008 880916s1975 ja b 000 0 jpn
010 |a 75807100 /J 
015 |a Ja75-9109 
035 0 |a ocm20656658 
040 |a DLC  |c NN  |d OCoLC  |d *YNH*  |d CStRLIN 
043 |a a-ja---  |a n-us--- 
050 0 |a HD2092  |b .H64 
100 1 |6 880-01  |a Hoshi, Makoto,  |d 1930- 
245 1 0 |6 880-02  |a Sengo Nihon shihon shugi to nōgyō kiki no kōzō /  |c Hoshi Makoto cho. 
260 |6 880-03  |a Tōkyō :  |b Ochanomizu Shobō,  |c 1975. 
300 |a 10, 407 p. ;  |c 22 cm. 
504 |a Includes bibliographical references. 
650 0 |a Agriculture  |x Economic aspects  |z Japan. 
650 0 |a Agriculture  |z United States. 
650 0 |a Land tenure. 
880 1 |6 100-01  |a 保志恂,  |d 1930- 
880 1 0 |6 245-02  |a 戦後日本資本主義と農業危機の構造 /  |c 保志恂著. 
880 |6 260-03  |a 東京 :  |b 御茶の水書房,  |c 1975. 
988 |a 20021214 
906 |0 DLC